<?xml version="1.0" encoding="UTF-8"?>
<collection xmlns="http://www.loc.gov/MARC21/slim">
 <record>
  <leader>01190nam a22002057a 4500</leader>
  <controlfield tag="001">NCT_27707</controlfield>
  <controlfield tag="008">180224b        xxu||||| |||| 00| 0 vie d</controlfield>
  <datafield tag="999" ind1=" " ind2=" ">
   <subfield code="c">1327</subfield>
   <subfield code="d">1327</subfield>
  </datafield>
  <datafield tag="020" ind1=" " ind2=" ">
   <subfield code="c">28000</subfield>
  </datafield>
  <datafield tag="082" ind1="0" ind2="4">
   <subfield code="2">23rd ed.</subfield>
   <subfield code="a">006.68</subfield>
   <subfield code="b">S464</subfield>
  </datafield>
  <datafield tag="100" ind1="1" ind2=" ">
   <subfield code="a">Nguyễn Hồng Sơn</subfield>
  </datafield>
  <datafield tag="245" ind1="1" ind2=" ">
   <subfield code="a">Giáo trình vẽ kỹ thuật với autocad 2009</subfield>
   <subfield code="c">Nguyễn Hồng Sơn, Chu Anh Tuấn</subfield>
  </datafield>
  <datafield tag="260" ind1=" " ind2=" ">
   <subfield code="a">H.</subfield>
   <subfield code="b">Giáo dục</subfield>
   <subfield code="c">2012</subfield>
  </datafield>
  <datafield tag="300" ind1=" " ind2=" ">
   <subfield code="a">147 trt.</subfield>
   <subfield code="b">Minh họa</subfield>
   <subfield code="c">24cm</subfield>
  </datafield>
  <datafield tag="520" ind1=" " ind2=" ">
   <subfield code="a">Nội dung cuốn sách chủ yếu đề cập đến việc khai thác phần mềm AutoCAD Release 2009 để xây dựng hoàn chỉnh một bản vẽ cơ khí, đồng thời giới thiệu các lệnh tương đương của AutoCAD Release  để bạn đọc có thể sử dụng linh hoạt hơn tuỳ theo điều kiện cụ thể.</subfield>
  </datafield>
  <datafield tag="653" ind1=" " ind2=" ">
   <subfield code="a">Công nghệ kỹ thuật ô tô</subfield>
  </datafield>
  <datafield tag="700" ind1="1" ind2=" ">
   <subfield code="a">Chu Anh Tuấn</subfield>
  </datafield>
  <datafield tag="942" ind1=" " ind2=" ">
   <subfield code="2">ddc</subfield>
   <subfield code="c">BK</subfield>
  </datafield>
  <datafield tag="952" ind1=" " ind2=" ">
   <subfield code="0">0</subfield>
   <subfield code="1">0</subfield>
   <subfield code="2">ddc</subfield>
   <subfield code="4">0</subfield>
   <subfield code="6">006_680000000000000_S464</subfield>
   <subfield code="7">0</subfield>
   <subfield code="9">6653</subfield>
   <subfield code="a">000001</subfield>
   <subfield code="b">000001</subfield>
   <subfield code="d">2018-02-24</subfield>
   <subfield code="o">006.68 S464</subfield>
   <subfield code="p">MD.09977</subfield>
   <subfield code="r">2018-02-24</subfield>
   <subfield code="v">28000.00</subfield>
   <subfield code="w">2018-02-24</subfield>
   <subfield code="y">BK</subfield>
  </datafield>
  <datafield tag="980" ind1=" " ind2=" ">
   <subfield code="a">Thư viện Trường Đại học Nam Cần Thơ</subfield>
  </datafield>
 </record>
</collection>
